[Event "Victoria Grand Pacific op 17th"]
[Site "Victoria"]
[Date "2024.03.31"]
[Round "4"]
[White "Mohammed Qanee, Arpak Worya"]
[Black "Qu, Leo"]
[Result "1/2-1/2"]
[WhiteElo "2080"]
[BlackElo "2213"]
[PlyCount "170"]
[EventDate "2024.03.29"]
[EventType "swiss"]
[EventRounds "6"]
[EventCountry "CAN"]
[SourceTitle "CB16_2024"]
[SourceDate "2024.04.17"]
[SourceVersion "1"]
[SourceVersionDate "2024.04.17"]
[SourceQuality "1"]

1. e4 c6 2. d4 d5 3. Nc3 dxe4 4. Nxe4 Nf6 5. Nxf6+ exf6 6. Bc4 Na6 7. Ne2 Bd6 8. Bf4 Nc7 9. 0-0 0-0 10. Qd2 Bf5 11. c3 Ne6 12. Bxd6 Qxd6 13. Ng3 Bg6 14. f4 f5 15. Bd3 Qd5 16. Qc2 c5 17. Nxf5 Bxf5 18. Bxf5 cxd4 19. Bxh7+ Kh8 20. Be4 Qc5 21. cxd4 Qxc2 22. Bxc2 Nxd4 23. Bd3 Rfd8 24. Rad1 Rd7 25. Bb5 Rd6 26. Bc4 Kg8 27. Rfe1 Kf8 28. Kf2 Rc8 29. b3 b5 30. Bd3 Rcd8 31. Bb1 a6 32. g3 g6 33. Rd3 Kg7 34. Red1 Kf6 35. g4 g5 36. fxg5+ Kxg5 37. h3 Rf6+ 38. Kg2 Rfd6 39. R1d2 a5 40. Rf2 f6 41. Re3 a4 42. bxa4 bxa4 43. Kg3 Rb8 44. h4+ Kh6 45. Bd3 Nc6 46. Bc2 Rb4 47. Rf5 Kg7 48. Rh5 Ne5 49. g5 Ng6 50. Rh6 fxg5 51. hxg5 Rb5 52. Rh5 Rdd5 53. Kg4 Ne5+ 54. Kh4 Rd4+ 55. Kh3 Ng6 56. Kg3 Rdd5 57. Bxa4 Rxg5+ 58. Rxg5 Rxg5+ 59. Kf3 Kf6 60. Bb3 Nh4+ 61. Kf2 Re5 62. Rh3 Nf5 63. Rh7 Re7 64. Rh8 Nd4 65. Rb8 Ke5 66. Bg8 Kd6 67. Rd8+ Rd7 68. Ra8 Re7 69. Ra4 Nc6 70. Kf3 Kc5 71. Ra8 Kb6 72. Bd5 Kc5 73. Be4 Nd4+ 74. Ke3 Nc2+ 75. Kf4 Nb4 76. Rc8+ Kd4 77. Rd8+ Kc5 78. a3 Na6 79. Ke3 Nc7 80. Kd3 Ne6 81. Rc8+ Kb5 82. Kc3 Rc7+ 83. Rxc7 Nxc7 84. Kb3 Ka5 85. Bc6 Nb5 1/2-1/2

[Event "Victoria Grand Pacific op 17th"]
[Site "Victoria"]
[Date "2024.03.30"]
[Round "3"]
[White "Adriaanse, Adam"]
[Black "Mohammed Qanee, Arpak Worya"]
[Result "1/2-1/2"]
[WhiteElo "2169"]
[BlackElo "2080"]
[PlyCount "105"]
[EventDate "2024.03.29"]
[EventType "swiss"]
[EventRounds "6"]
[EventCountry "CAN"]
[SourceTitle "CB16_2024"]
[SourceDate "2024.04.17"]
[SourceVersion "1"]
[SourceVersionDate "2024.04.17"]
[SourceQuality "1"]

1. d4 Nf6 2. c4 e6 3. Nf3 d5 4. Nc3 a6 5. Bg5 Be7 6. e3 dxc4 7. Bxc4 b5 8. Bb3 Bb7 9. 0-0 Nbd7 10. d5 exd5 11. Nxd5 Nxd5 12. Bxd5 c6 13. Bxe7 Qxe7 14. Bb3 Rd8 15. Qe2 c5 16. a4 c4 17. Bc2 Nc5 18. axb5 axb5 19. b3 Bxf3 20. Qxf3 0-0 21. bxc4 bxc4 22. Qg4 Nb3 23. Ra4 Nd2 24. Rfa1 g6 25. Qf4 Nb3 26. Bxb3 cxb3 27. Rb4 Rd3 28. h3 Rc8 29. Rb1 Qe6 30. Re4 Qd5 31. Rd4 Rxd4 32. Qxd4 Qxd4 33. exd4 Rc3 34. Kf1 Kf8 35. Rb2 Ke7 36. Ke2 Ke6 37. Kd2 Rc4 38. Ke3 Rb4 39. Kd3 Kd5 40. Kc3 Rb7 41. Rxb3 Rxb3+ 42. Kxb3 Kxd4 43. Kc2 g5 44. Kd2 h5 45. Ke2 Ke4 46. Kd2 f5 47. Ke2 f4 48. f3+ Kd4 49. Kd2 h4 50. Ke2 Kc3 51. Kf2 Kd2 52. Kf1 Ke3 53. Ke1 1/2-1/2

[Event "Richmond Keres Memorial 44th"]
[Site "Richmond"]
[Date "2019.05.18"]
[Round "1"]
[White "Zheng, Victor"]
[Black "Mohammed Qanee, Arpak Worya"]
[Result "1/2-1/2"]
[WhiteElo "2000"]
[BlackElo "2194"]
[PlyCount "86"]
[EventDate "2019.05.18"]
[EventType "swiss"]
[EventRounds "6"]
[EventCountry "CAN"]
[SourceTitle "CBM 190 Extra"]
[Source "ChessBase"]
[SourceDate "2019.07.15"]
[SourceVersion "1"]
[SourceVersionDate "2019.07.15"]
[SourceQuality "1"]

1. Nf3 d5 2. g3 Nc6 3. d4 Bg4 4. Bg2 e6 5. 0-0 Nf6 6. c4 Bxf3 7. Bxf3 Qd7 8. e3 Be7 9. Nc3 0-0 10. b3 Bb4 11. Bb2 Ne7 12. a3 Bxc3 13. Bxc3 Nf5 14. Qe2 c6 15. Rab1 a5 16. Rfd1 Nd6 17. Bg2 a4 18. Bb4 axb3 19. Bxd6 Qxd6 20. c5 Qc7 21. Rxb3 Ra7 22. Rdb1 Rb8 23. Qb2 Nd7 24. Bh3 h5 25. Rb6 h4 26. Bg4 hxg3 27. hxg3 g6 28. Kg2 Kg7 29. a4 Qd8 30. Rb4 Qg5 31. Bf3 Qf5 32. Rh1 Nf6 33. Qb1 Qxb1 34. Rhxb1 Kf8 35. a5 Ke7 36. Be2 Kd7 37. a6 Kc7 38. Rxb7+ Raxb7 39. Rxb7+ Rxb7 40. axb7 Kxb7 41. Kf3 g5 42. Bd3 Kc7 43. Ke2 g4 1/2-1/2

[Event "British Columbia op"]
[Site "Richmond"]
[Date "2019.02.16"]
[Round "1.8"]
[White "Li, Kevin"]
[Black "Mohammed Qanee, Arpak Worya"]
[Result "0-1"]
[WhiteElo "1917"]
[BlackElo "2231"]
[PlyCount "94"]
[EventDate "2019.02.16"]
[EventType "tourn"]
[EventRounds "6"]
[EventCountry "CAN"]
[SourceTitle "EXT 2022"]
[Source "ChessBase"]
[SourceDate "2021.10.06"]
[SourceVersion "1"]
[SourceVersionDate "2021.10.06"]
[SourceQuality "1"]

1. e4 e5 2. Nf3 Nc6 3. Bc4 Be7 4. c3 Nf6 5. d3 0-0 6. 0-0 d6 7. Nbd2 Na5 8. Bb5 a6 9. Ba4 b5 10. Bc2 c5 11. Re1 Qc7 12. Nf1 Re8 13. Bg5 h6 14. Bxf6 Bxf6 15. Ne3 Be6 16. Qd2 Nc6 17. g4 Qd7 18. Nf5 h5 19. g5 Bxf5 20. exf5 Qxf5 21. gxf6 Qxf3 22. Bd1 Qxf6 23. Bxh5 Ne7 24. Kh1 g6 25. Bg4 Kg7 26. Qe3 Nd5 27. Qg3 Nf4 28. Rad1 d5 29. Bf3 Rad8 30. Bg2 Rh8 31. Re3 Rh5 32. Bf3 Rg5 33. Bg4 Rh8 34. Rde1 c4 35. dxc4 bxc4 36. Qf3 e4 37. Qg3 Nd3 38. R1e2 Rxg4 39. Qxg4 Nxf2+ 40. Rxf2 Qxf2 41. Qg3 Qxg3 42. Rxg3 Rb8 43. Rg2 f5 44. Rd2 Rd8 45. Kg2 Kf6 46. Kg3 g5 47. h3 Ke5 0-1

[Event "Victoria British Columbia-Washington m"]
[Site "Victoria"]
[Date "2019.01.20"]
[Round "5.1"]
[White "Mohammed Qanee, Arpak Worya"]
[Black "Collyer, Curt D"]
[Result "1/2-1/2"]
[WhiteElo "2218"]
[BlackElo "2294"]
[PlyCount "35"]
[EventDate "2019.01.18"]
[EventType "team"]
[EventRounds "5"]
[EventCountry "CAN"]
[SourceTitle "EXT 2022"]
[Source "ChessBase"]
[SourceDate "2021.10.06"]
[SourceVersion "1"]
[SourceVersionDate "2021.10.06"]
[SourceQuality "1"]
[WhiteTeam "BC"]
[BlackTeam "WA"]
[WhiteTeamCountry "CAN"]
[BlackTeamCountry "CAN"]

1. Nf3 b6 2. d4 Bb7 3. c4 e6 4. Nc3 Bb4 5. g3 f5 6. Bg2 Bxc3+ 7. bxc3 Nf6 8. 0-0 0-0 9. a4 Be4 10. Ne5 d6 11. Nd3 Bxg2 12. Kxg2 Re8 13. Bg5 h6 14. Bxf6 Qxf6 15. a5 Nc6 16. axb6 axb6 17. Qb3 Na5 18. Qb5 1/2-1/2

[Event "Victoria British Columbia-Washington m"]
[Site "Victoria"]
[Date "2019.01.19"]
[Round "3.4"]
[White "Velea, Stephanie"]
[Black "Mohammed Qanee, Arpak Worya"]
[Result "0-1"]
[WhiteElo "1710"]
[BlackElo "2218"]
[PlyCount "112"]
[EventDate "2019.01.18"]
[EventType "team"]
[EventRounds "5"]
[EventCountry "CAN"]
[SourceTitle "EXT 2022"]
[Source "ChessBase"]
[SourceDate "2021.10.06"]
[SourceVersion "1"]
[SourceVersionDate "2021.10.06"]
[SourceQuality "1"]
[WhiteTeam "WA"]
[BlackTeam "BC"]
[WhiteTeamCountry "CAN"]
[BlackTeamCountry "CAN"]

1. e4 c5 2. Nf3 Nc6 3. Bb5 g6 4. Bxc6 bxc6 5. d4 Bg7 6. dxc5 Qa5+ 7. Bd2 Qxc5 8. Bc3 Bxc3+ 9. Nxc3 d6 10. 0-0 Nf6 11. Re1 0-0 12. h3 e5 13. Qd2 Kg7 14. Na4 Qc4 15. b3 Qe6 16. Rad1 Ne8 17. Nb2 Qf6 18. Nc4 Bxh3 19. Nh2 Be6 20. Nxd6 Qe7 21. Qc3 f6 22. Qxc6 Nxd6 23. Qxd6 Kf7 24. Qd2 Qa3 25. c4 a5 26. Rb1 Rfd8 27. Qc2 g5 28. Nf1 h5 29. Ne3 Qc5 30. Red1 g4 31. Qe2 Rg8 32. Nd5 h4 33. Qe3 Qxe3 34. fxe3 g3 35. Rf1 Rg6 36. c5 Rc8 37. Rbc1 h3 38. Rf3 h2+ 39. Kh1 Bxd5 40. exd5 Ke7 41. e4 Kd7 42. Rcc3 Rcg8 43. a3 Rg4 44. Rce3 Ke7 45. Rf1 Rf4 46. Rxf4 exf4 47. Rf3 Rb8 48. Rc3 Kd7 49. Rf3 Rb5 50. c6+ Ke7 51. Rd3 Rc5 52. d6+ Ke8 53. Rd1 Rxc6 54. b4 axb4 55. axb4 Kd7 56. b5 Rxd6 0-1

[Event "Asia-chT 18th"]
[Site "Tabriz"]
[Date "2014.05.24"]
[Round "3.1"]
[White "Mohammed Qanee, Arpak Worya"]
[Black "Adhiban, Baskaran"]
[Result "0-1"]
[WhiteElo "2188"]
[BlackElo "2624"]
[PlyCount "70"]
[EventDate "2014.05.22"]
[EventType "team-tourn"]
[EventRounds "9"]
[EventCountry "IRI"]
[SourceTitle "CBM 160 Extra"]
[Source "ChessBase"]
[SourceDate "2014.07.01"]
[SourceVersion "1"]
[SourceVersionDate "2014.07.01"]
[SourceQuality "1"]
[WhiteTeam "Iraq"]
[BlackTeam "India"]
[WhiteTeamCountry "IRQ"]
[BlackTeamCountry "IND"]

1. d4 Nf6 2. Bg5 Ne4 3. Bf4 c5 4. Nc3 Qa5 5. d5 Nxc3 6. Qd2 d6 7. Qxc3 Qxc3+ 8. bxc3 g6 9. e4 Bg7 10. Kd2 0-0 11. Nf3 Nd7 12. Bd3 f5 13. exf5 Nb6 14. f6 Rxf6 15. Bg5 Rf7 16. Rab1 Nxd5 17. Bc4 Bxc3+ 18. Kc1 e6 19. Rb3 Bg7 20. Rd1 h6 21. Rxd5 exd5 22. Bxd5 hxg5 23. Nxg5 Bh6 24. f4 Bxg5 25. fxg5 Kg7 26. Bxf7 Kxf7 27. Rf3+ Ke7 28. Rf6 Bf5 29. g4 Be4 30. Rf2 Rf8 31. Re2 d5 32. c4 Rf4 33. cxd5 Rxg4 34. h3 Rh4 35. Kb2 Kd6 0-1

[Event "Arab Cities-chT"]
[Site "Monastir"]
[Date "2013.11.01"]
[Round "6.3"]
[White "Mohammed Qanee, Arpak Worya"]
[Black "Moulay, Mehdi"]
[Result "1-0"]
[WhiteElo "2280"]
[BlackElo "2069"]
[PlyCount "93"]
[EventDate "2013.10.27"]
[EventType "team-swiss"]
[EventRounds "7"]
[EventCountry "TUN"]
[SourceTitle "EXT 2014"]
[Source "ChessBase"]
[SourceDate "2013.11.20"]
[SourceVersion "1"]
[SourceVersionDate "2013.11.20"]
[SourceQuality "1"]
[WhiteTeam "Arbiil"]
[BlackTeam "ASEl Hillel"]
[WhiteTeamCountry "ALG"]
[BlackTeamCountry "ALG"]

1. d4 e6 2. c4 Nf6 3. Nc3 d5 4. Bg5 Nbd7 5. e3 Be7 6. Qc2 h6 7. Bh4 b6 8. cxd5 exd5 9. Nf3 Bb7 10. Bd3 c5 11. 0-0 0-0 12. Bg3 Nh5 13. Rad1 Nxg3 14. hxg3 c4 15. Bh7+ Kh8 16. Bf5 g6 17. Bxd7 Qxd7 18. Ne5 Qe6 19. f4 f5 20. g4 Kh7 21. Nb5 Rfc8 22. gxf5 Qxf5 23. Qe2 h5 24. Rf3 a6 25. Nc3 b5 26. g4 hxg4 27. Rg3 Bf6 28. Qxg4 Bxe5 29. Qxf5 gxf5 30. dxe5 Rg8 31. Rxg8 Rxg8+ 32. Kf2 Rd8 33. Ne2 Kg6 34. Nd4 Rh8 35. Rg1+ Kf7 36. Nxf5 Bc8 37. Nd6+ Ke6 38. Rg6+ Kd7 39. Nxc8 Kxc8 40. Rxa6 Rh2+ 41. Kg3 Rxb2 42. e6 Kc7 43. e7 Kd7 44. Ra7+ Ke8 45. f5 Re2 46. Kf3 Re1 47. Kf2 1-0

[Event "Arab Cities-chT"]
[Site "Monastir"]
[Date "2013.10.30"]
[Round "4.4"]
[White "Ben Amor, Moez"]
[Black "Mohammed Qanee, Arpak Worya"]
[Result "0-1"]
[WhiteElo "2169"]
[BlackElo "2280"]
[PlyCount "80"]
[EventDate "2013.10.27"]
[EventType "team-swiss"]
[EventRounds "7"]
[EventCountry "TUN"]
[SourceTitle "EXT 2014"]
[Source "ChessBase"]
[SourceDate "2013.11.20"]
[SourceVersion "1"]
[SourceVersionDate "2013.11.20"]
[SourceQuality "1"]
[WhiteTeam "La tour Blache"]
[BlackTeam "Arbiil"]
[WhiteTeamCountry "TUN"]
[BlackTeamCountry "ALG"]

1. Nf3 d5 2. d4 c5 3. c3 e6 4. g3 Nc6 5. Bg2 Nf6 6. 0-0 Qb6 7. a4 cxd4 8. cxd4 Bd7 9. Nc3 Rc8 10. h4 Bb4 11. Bg5 Na5 12. Ne5 Nc4 13. Nxc4 Rxc4 14. Bxf6 gxf6 15. e4 Qxd4 16. exd5 Qxd1 17. Nxd1 e5 18. Ne3 Rc8 19. Rfc1 0-0 20. Rxc8 Rxc8 21. Be4 Bd2 22. Bf5 Bxe3 23. Bxd7 Rd8 24. fxe3 Rxd7 25. e4 f5 26. exf5 Rxd5 27. Rc1 Kg7 28. Rc7 Rd1+ 29. Kg2 Rd2+ 30. Kh3 Rxb2 31. Kg4 Kf6 32. Kh5 e4 33. g4 e3 34. g5+ Kxf5 35. Rxf7+ Ke6 36. Rf3 Rb3 37. Rf1 Rb4 38. a5 Re4 39. Re1 Kf5 40. Rf1+ Rf4 0-1

[Event "Arab Cities-chT"]
[Site "Monastir"]
[Date "2013.10.28"]
[Round "2.4"]
[White "Mahdia, Farage"]
[Black "Mohammed Qanee, Arpak Worya"]
[Result "0-1"]
[WhiteElo "2035"]
[BlackElo "2280"]
[PlyCount "74"]
[EventDate "2013.10.27"]
[EventType "team-swiss"]
[EventRounds "7"]
[EventCountry "TUN"]
[SourceTitle "EXT 2014"]
[Source "ChessBase"]
[SourceDate "2013.11.20"]
[SourceVersion "1"]
[SourceVersionDate "2013.11.20"]
[SourceQuality "1"]
[WhiteTeam "Tripoli"]
[BlackTeam "Arbiil"]
[WhiteTeamCountry "LBY"]
[BlackTeamCountry "ALG"]

1. e4 d5 2. exd5 Nf6 3. d4 Nxd5 4. c4 Nb6 5. Nf3 g6 6. Nc3 Bg7 7. Be2 0-0 8. 0-0 a5 9. h3 Na6 10. Bf4 Be6 11. d5 Bd7 12. Qd2 c6 13. Bh6 cxd5 14. Bxg7 Kxg7 15. cxd5 Nc8 16. Ne4 Bf5 17. Ng3 Nd6 18. Nh4 e6 19. Nhxf5+ exf5 20. Bf3 b6 21. a3 Qf6 22. b4 Rac8 23. Rac1 axb4 24. axb4 Nc4 25. Qf4 b5 26. Be2 Nxb4 27. Rfd1 Na2 28. Rc2 Nc3 29. Rd4 Ne4 30. Rd1 Ned6 31. Rdc1 Rfd8 32. h4 Rc5 33. Bf3 Rdc8 34. Ne2 h6 35. g3 g5 36. hxg5 hxg5 37. Qd4 Ne5 0-1

[Event "IRQ-ch final"]
[Site "Baghdad"]
[Date "2013.08.14"]
[Round "2"]
[White "Nameer, Noor Al Deen"]
[Black "Mohammed Qanee, Arpak Worya"]
[Result "0-1"]
[WhiteElo "2268"]
[BlackElo "2263"]
[PlyCount "96"]
[EventDate "2013.08.12"]
[EventType "tourn"]
[EventRounds "11"]
[EventCountry "IRQ"]
[SourceTitle "EXT 2018"]
[Source "ChessBase"]
[SourceDate "2017.10.13"]
[SourceVersion "1"]
[SourceVersionDate "2017.10.13"]
[SourceQuality "1"]

1. Nf3 d6 2. d4 Bg4 3. c4 Nd7 4. Nc3 g6 5. e4 Bg7 6. Be2 c5 7. Be3 cxd4 8. Nxd4 Bxe2 9. Qxe2 Ngf6 10. 0-0 0-0 11. Rfd1 Qa5 12. Rac1 Rac8 13. b3 a6 14. f3 Rc7 15. g4 e5 16. b4 Qxb4 17. g5 exd4 18. gxf6 dxc3 19. fxg7 Rfc8 20. Qd3 Ne5 21. Qxc3 Qxc3 22. Rxc3 Nxf3+ 23. Kf2 Ne5 24. Rxd6 Nxc4 25. Rdd3 Nxe3 26. Rxc7 Ng4+ 27. Kg3 Rxc7 28. Kxg4 Rc2 29. Rb3 Rxh2 30. Rxb7 Rxa2 31. Ra7 Kxg7 32. e5 Re2 33. Kf4 h5 34. Rxa6 Rf2+ 35. Ke4 h4 36. Ra1 g5 37. Ke3 Rf5 38. Ke4 Rf4+ 39. Ke3 Kg6 40. Ra7 h3 41. Ra6+ Kh5 42. Ra1 Kh4 43. Rh1 f5 44. exf6 Rxf6 45. Ke2 g4 46. Ra1 h2 47. Ra7 Rh6 48. Ra1 Kh3 0-1

[Event "Baghdad op 1st"]
[Site "Baghdad"]
[Date "2011.11.08"]
[Round "1"]
[White "Bahzad, Zeealdeen Mawlud"]
[Black "Mohammed Qanee, Arpak Worya"]
[Result "0-1"]
[WhiteElo "2105"]
[BlackElo "2252"]
[PlyCount "156"]
[EventDate "2011.11.08"]
[EventType "swiss"]
[EventRounds "9"]
[EventCountry "IRQ"]
[SourceTitle "CBM 145 Extra"]
[Source "ChessBase"]
[SourceDate "2012.01.03"]
[SourceVersion "1"]
[SourceVersionDate "2012.01.03"]
[SourceQuality "1"]

1. d4 Nf6 2. c4 c5 3. d5 b5 4. a4 b4 5. b3 g6 6. Bb2 Bg7 7. Nd2 0-0 8. Qc2 e6 9. dxe6 dxe6 10. Ngf3 Nc6 11. e3 Qe7 12. Be2 e5 13. Rd1 Bf5 14. e4 Bg4 15. h3 Bd7 16. 0-0 Nh5 17. Rfe1 Nf4 18. Bf1 Rad8 19. Kh2 Bc8 20. g3 Ne6 21. Bg2 Bb7 22. Nf1 Rxd1 23. Rxd1 Ned4 24. Bxd4 exd4 25. Re1 Qc7 26. Kg1 Re8 27. N1d2 Bh6 28. Qd3 Na5 29. Nf1 Re7 30. N1h2 Qc8 31. Ng4 Bg7 32. Ngh2 Qa8 33. Nd2 f5 34. f4 fxe4 35. Bxe4 Bxe4 36. Rxe4 Rxe4 37. Nxe4 Nxb3 38. Ng5 Qe8 39. Nf1 Nc1 40. Qf3 h6 41. Ne4 d3 42. Kg2 b3 43. Ned2 b2 44. f5 gxf5 45. Qxf5 Nb3 46. Qd5+ Kh8 47. Qxd3 Nxd2 48. Nxd2 Qxa4 49. Qd8+ Kh7 50. Qd3+ Kg8 51. Qd8+ Kf7 52. Qd5+ Kg6 53. Qe6+ Kh7 54. Qf5+ Kg8 55. Qd5+ Kh8 56. Qd8+ Kh7 57. Qd3+ Kg8 58. Qd5+ Kf8 59. Qxc5+ Ke8 60. Qc8+ Ke7 61. Qc5+ Kd8 62. Qd6+ Qd7 63. Qb8+ Ke7 64. Qb4+ Kf7 65. Nb1 Qe6 66. Nd2 Qe2+ 67. Kh1 Qe1+ 68. Kg2 b1Q 69. Qxb1 Qxd2+ 70. Kh1 Qd4 71. Qf5+ Ke7 72. c5 Qe5 73. Qg6 Kd8 74. c6 Bf8 75. Kg2 Bd6 76. g4 Qe2+ 77. Kg1 Bc5+ 78. Kh1 Qf1+ 0-1

[Event "Asia Cities-ch 15th"]
[Site "Tehran"]
[Date "2007.03.07"]
[Round "8.9"]
[White "Wijesurija, G Laxman"]
[Black "Mohammed Qanee, Arpak Worya"]
[Result "1-0"]
[WhiteElo "2157"]
[BlackElo "2234"]
[PlyCount "33"]
[EventDate "2007.03.02"]
[EventType "team-swiss"]
[EventRounds "9"]
[EventCountry "IRI"]
[SourceTitle "EXT 2020"]
[Source "ChessBase"]
[SourceDate "2019.10.17"]
[SourceVersion "1"]
[SourceVersionDate "2019.10.17"]
[SourceQuality "1"]
[WhiteTeam "Colombo"]
[BlackTeam "Arbil"]
[WhiteTeamCountry "SRI"]
[BlackTeamCountry "IRQ"]

1. d4 c5 2. dxc5 e6 3. Be3 Na6 4. Nf3 Nxc5 5. Nc3 Nf6 6. Qd4 d5 7. Bg5 Be7 8. 0-0-0 Qb6 9. e3 0-0 10. Ne5 h6 11. Bh4 Ncd7 12. Nxd7 Qxd4 13. Rxd4 Bxd7 14. e4 Bc6 15. exd5 Nxd5 16. Nxd5 Bxh4 17. Ba6 1-0

[Event "Asia Cities-ch 15th"]
[Site "Tehran"]
[Date "2007.03.05"]
[Round "5.8"]
[White "Mohammed Qanee, Arpak Worya"]
[Black "Hejazipour, Mitra"]
[Result "1-0"]
[WhiteElo "2234"]
[BlackElo "1979"]
[PlyCount "67"]
[EventDate "2007.03.02"]
[EventType "team-swiss"]
[EventRounds "9"]
[EventCountry "IRI"]
[SourceTitle "EXT 2020"]
[Source "ChessBase"]
[SourceDate "2019.10.17"]
[SourceVersion "1"]
[SourceVersionDate "2019.10.17"]
[SourceQuality "1"]
[WhiteTeam "Arbil"]
[BlackTeam "Tehran Banvan"]
[WhiteTeamCountry "IRQ"]
[BlackTeamCountry "IRI"]

1. e4 e5 2. Nf3 Nc6 3. Bc4 Bc5 4. b4 Bxb4 5. c3 Ba5 6. 0-0 d6 7. d4 exd4 8. Ng5 Nh6 9. cxd4 0-0 10. h3 Bb6 11. Be3 Bxd4 12. Nxf7 Nxf7 13. Bxd4 Nxd4 14. Qxd4 Kh8 15. f4 Qe7 16. Nc3 Nd8 17. Nd5 Qd7 18. Rad1 Ne6 19. Qe3 c6 20. f5 Nc5 21. Nf4 Qe7 22. Rfe1 Re8 23. Qf3 Qh4 24. g3 Qh6 25. g4 Nd7 26. Qg3 Ne5 27. Rxd6 Qg5 28. Bb3 Bd7 29. h4 Qe7 30. Red1 Rad8 31. g5 Qf8 32. h5 c5 33. Ng6+ Nxg6 34. hxg6 1-0